000 00373nam a2200145Ia 4500
005 20250429093446.0
008 240331s9999 xx 000 0 und d
082 _a294
_bVEN
100 _aVenkataswamy, M.S
245 0 _aBuddhrin vralaru
260 _aChennai
_bSanthiya Pathippagam
_c2001
300 _a144 p ., ( B 1 )
500 _aPutharin Varalaru patriyathu
942 _cL
999 _c962
_d962